000 00987cam a22001934a 4500
005 20250605164044.0
008 250528s ||||||||||||||||||||||||d
035 _a17067
020 _a674792904
040 _aGR-AtMCL
_bgre
_dGR-AtMCL
_eAACR2
245 1 _aScience in Action / How to Follow Scientists and Engineers Through Society
260 _bHarvard University Press,
_c1987
300 _a278
520 _aA lively and challenging analysis of science, demonstrating how social context and technical content are both essential to a proper understanding of scientific activity. Acknowledgements, Introduction: Opening Pandora's Black Box, From Weaker to Stronger Rhetoric, Literature, Laboratories, From Weak Points to Strongholds, Machines, Insiders Out, From Short to Longer Networks, Tribunals of Reason, Centers of Calculation, Rules of Method, Principles, Notes, References, Index.
700 1 _aLatour Bruno
_93197
942 _cBK
999 _c2507
_d2507